Movies that Start with the letter M - Statistics

General Stats
  • This quiz has been taken 59 times
  • The average score is 7 of 20
Answer Stats
Description Movie % Correct
Group of animals who have spent all their life in a New York zoo end up in an African Island Madagascar
79%
Stranded in the red planet, an astronaut strives to survive until help arrives Martian, The
75%
Detective is tasked to solve the homicide mystery that happened on the train he is traveling Murder on the Orient Express
53%
Super-Villian creates a superhero out of boredom only to end up as a hero himself Megamind
47%
Alien child is evacuated from his dying world and sent to Earth to live among humans Man of Steel
45%
Vengeful fairy curses an infant princess, only to find she could restore peace in their troubled land Maleficent
43%
Skilled IMF agent takes on daring challenges to bring out a spy Mission Impossible
40%
Citizens seek refuge in a supermarket to protect themselves from ruthless creatures Mist, The
40%
Tribal chief's daughter has to return the heart of a goddess to lift the curse Moana
40%
Ill-tempered old coach reluctantly agrees to train aspiring boxer Million Dollar Baby
34%
Struggling African-American boy finds guidance in a drug dealer Moonlight
34%
Biochemist infects himself with a form of vampirism when tries to cure his blood disease Morbius
32%
Lathe operator who hasn't slept for months begins to doubt his own sanity Machinist, The
28%
Young boy discovers a house from a different time which consists of children with supernatural powers Miss Peregrine's home for Peculiar Children
26%
Three childhood friends are reunited after daughter of one gets murdered Mystic River
26%
Ex-cop and his family are the target of an evil force that uses reflective surfaces as gateways Mirrors
25%
Depressed uncle is asked to take care of his teenage nephew after the boy's father dies Manchester by the Sea
21%
Amnesiac woman teams up with a blonde actress to find her true identity Mulholland Drive
19%
Last mortal in the immortal human world, explores limitless possibilities and the impact of his past life choices Mr Nobody
8%
Farewell party for a Professor becomes a mysterious interrogation after he reveals having a longer past Man from Earth, The
4%
No matching quizzes found
Score Distribution
Percent of People with Each Score
Percentile by Number Answered
Your Score History
You have not taken this quiz